| 000 | 00806nam a22002177a 4500 | ||
|---|---|---|---|
| 999 |
_c51058 _d51058 |
||
| 005 | 20181025131242.0 | ||
| 010 | _aB-422636 B-710646 | ||
| 020 |
_a9780198062257 _c575.00 |
||
| 035 | _aB-422636 | ||
| 035 | _aB-710646 | ||
| 082 | _a621.3815 | ||
| 100 | _aSedra Adel S. | ||
| 245 |
_aMicroelectronic Circuits: _c Adera S. Sedra [and] Kenneth C. Smith _bTheory and Applications / |
||
| 250 | _a5th ed. | ||
| 260 |
_aNew Delhi _bOxford University Press _c2009 |
||
| 270 |
_aYMCA Building, Jai Singh Road _bNew Delhi _e110001 |
||
| 300 | x |
_axxvi, various pagings _c24cm (Pbk) |
|
| 700 | _aSmith, Kenneth C. | ||
| 942 |
_2ddc _cEN _h621.3815 _mSED |
||